| 000 | 01250pam a2200337 a 4500 | ||
|---|---|---|---|
| 001 | 2452654 | ||
| 003 | 000 | ||
| 005 | 20170728095237.0 | ||
| 007 | 000 | ||
| 008 | 890623s1990 enka b 001 0 eng | ||
| 010 | _a 89015171 | ||
| 020 | _a0631158553 | ||
| 040 |
_aUOEL _cDLC _dDLC |
||
| 043 | _afb----- | ||
| 050 | 0 | 0 |
_aHD2117 _b.S53 1990 |
| 082 | 0 | 0 |
_a330.96/009173/4 _220 |
| 100 | 1 |
_aSiddle, David _q(David J.) |
|
| 245 | 1 | 0 |
_aRural change in tropical Africa ; from colonies to nation-states / _cDavid Siddle and Kenneth Swindell. |
| 260 |
_aOxford, UK ; _aCambridge, Mass., USA : _bB. Blackwell, _c1990. |
||
| 300 |
_a223 p. : _bill. ; _c26 cm. |
||
| 490 | 1 |
_aSpecial publications series / The Institute of British Geographers ; _v23 |
|
| 504 | _aIncludes bibliographical references (p. [207]-216) and index. | ||
| 650 | 0 |
_aAgriculture _xEconomic aspects _zAfrica, Sub-Saharan. |
|
| 650 | 0 |
_aRural development _zAfrica, Sub-Saharan. |
|
| 650 | 0 |
_aLand use, Rural _zAfrica, Sub-Saharan. |
|
| 651 | 0 |
_aAfrica, Sub-Saharan _xEconomic policy. |
|
| 700 | 1 | _aSwindell, Kenneth. | |
| 830 | 0 |
_aSpecial publications series (Institute of British Geographers) ; _v23. |
|
| 906 |
_a7 _bcbc _corignew _d1 _eocip _f19 _gy-gencatlg |
||
| 942 |
_2lcc _cSBK |
||
| 999 |
_c14898 _d14898 |
||